แสดงรายละเอียดบรรณานุกรม
  กลับหน้าหลัก

Brief Record : Get Marc (ISO 2709) : E-mail record : QR code ปิดหน้าต่าง
E-books : เกี่ยวกับ Collections
LEADER 00000nam 2200000uu 4500
001    212166
003     ULIBM
008    020711s2560 th a 000 0 tha d
020    9786169207085
041    ^atha^beng
060  4 WK818 ร711 2560
245    รู้จักคาร์บ รู้จักนับ ปรับสมดุล ควบคุมเบาหวาน=^bCarbohydrate counting for health and diabetes control/^cคณะบรรณาธิการ, สุภาวดี ลิขิตมาศกุล...[และคนอื่นๆ].
246 31 ^aCarbohydrate Counting for Health and Diabetes Control
250    พิมพ์ครั้งที่ 1
260    กรุงเทพฯ :^bสมาคมเบาหวานแห่งประเทศไทยฯ,^c2560
300    30 หน้า :^bภาพประกอบ ;^c21 ซม.
650  4 อาหาร,การกำหนด
650  4 ^aคาร์โบไฮเดรต
650  4 ^aDiet, Diabetic
700 0  ^aสุภาวดี ลิขิตมาศกุล,^eบรรณาธิการ
710 2  ^aสมาคมเบาหวานแห่งประเทศไทยฯ
710 2  ^aสมาคมนักกำหนดอาหารแห่งประเทศไทย
710 2  ^aสมาคมผู้ให้ความรู้โรคเบาหวาน
856    ^zรู้จักคาร์บฯ.pdf (สารบัญหนังสือ)^uhttp://110.164.94.213/ULIB62015//_fulltext/5/212166/20180828104005_4237.pdf
999    ^aใช้งานได้ทุกระบบ
รายการนี้ยังไม่มีแท็ก
คุณยังไม่ได้ล็อกอิน คุณสามารถมีกิจกรรมร่วมกับเว็บไซต์ได้ แต่ต้องล็อกอินก่อน ::
  ล็อกอิน
ลำดับที่ ประเภท เลขเรียก สถานที่ สถานะ
1. หนังสือทั่วไป
หนังสือทั่วไป
WK818 ร711 2560  
  
วิทยาศาสตร์สุขภาพ On Shelf
  ขอยืม
   [แสดง 1/1 รายการ]

รายการใกล้เคียง
    หัวเรื่อง [อาหาร,การกำหนด]

BibComment


ยังไม่เคยถูกคอมเมนท์

คอมเมนท์ทรัพยากรรายการนี้
  คอมเมนท์: รู้จักคาร์บ รู้จั..
Bib 212166

 
 
 

 Union Library Management : ULibM
Copyright 2026. All Rights Reserved.
скачать бесплатно без регистрации порно красивый секс HD Sex Hindi sex

xxx gou

xxxx

bfxxx

xxxwww

Секса Видео

xxxx

Секса Видео

detube

geilexxx

C99 Shell

worms shell

blod xxx video
Ebony Coed Rihanna Rimes Takes A Dick In Her Young Twat priyaa indian fuck anal and pusssy hardcore indian women xxx desi hardcore fucking part 1 bengalixxxcouple